A föderáció apostola

Podrobná bibliografia
Hlavný autor: Lipták, Ľubomír, 1930-2003 (Autor)
Ďalší autori: Kováts, Piroska F., 1938- (Prekladateľ)
Médium: Článok
Jazyk:slovenčina
maďarčina
ISSN:1335-1826
Predmet:

MARC

LEADER 00000nab a2200000 a 4500
001 vtls008716308
003 SK-MaSNL
005 20260305004421.0
008 250505c2000 xo 0 slo
015 |a SNBRB2000/03-08567 
035 |a (KIS3G)vtls000025142 
035 |a urn:nbn:sk:snk-abx7v 
035 |a (urnnbn)urn:nbn:sk:snk:ar-0039uq 
035 |a (uuid)3b8d54a5-e794-4046-bd2d-d7ba1fa5e672 
040 |a SNKBUCL  |b slo  |c SNKBUCL  |e AACR2 
041 0 |a hun 
044 |a xo  |c SK 
080 |a 321(048)  |2 1997 
100 1 |a Lipták, Ľubomír,  |d 1930-2003  |4 aut  |9 105323 
245 1 0 |a A föderáció apostola  |c Ľubomír Lipták ; fordította F. Kováts Piroska 
650 0 7 |a federácia  |2 SNKPH  |9 360822 
651 7 |a Európa stredná  |2 SNKPHgeo  |9 23970 
655 7 |a články z novín a časopisov  |2 snkbucl  |9 267496 
655 7 |a štúdie  |2 SNKPH  |9 57033 
655 7 |a recenzie  |2 SNKPH  |9 21907 
700 1 |a Kováts, Piroska F.,  |d 1938-  |4 trl  |9 117594 
773 0 |t Kalligram  |g Č. 1-2 (2000), s. 163-166  |x 1335-1826 
787 0 8 |i Rec.:  |a Hodža, Milan, 1878-1944  |t Federácia v strednej Európe a iné štúdie  |d Bratislava : Kalligram, 1997 
850 |a Slovenská národná knižnica 
852 |a Slovenská národná knižnica 
910 |a hodza  |a memoriask 
958 |a article27 
958 |a OND 
958 |a HU 
958 |a SK 
958 |a BX 
958 |a RC 
992 |a RBX 
999 |c 3235559  |d 3237489